000 00429nam a22001697a 4500
005 20160521122644.0
008 160521b xxu||||| |||| 00| 0 eng d
020 _a81-70111-828-6
041 _aeng
082 _b3771
100 _aKapoor U.K.
_9957
245 _aOperations Research Techniques for Management
260 _aNew Delhi
_bSultan Chand & Sons,
_c1985
300 _a1026
650 _aManagement
_9241
942 _cBK
999 _c1306
_d1306